header

Bangs, crunches, whimpers, and shrieks (Record no. 90134)

MARC details
000 -LEADER
fixed length control field 01551nam a2200325Ia 4500
082 04 - DEWEY DECIMAL CLASSIFICATION NUMBER
Classification number 530.1/1
100 1# - MAIN ENTRY--AUTHOR NAME
Personal name Earman, John.
245 10 - TITLE STATEMENT
Title Bangs, crunches, whimpers, and shrieks
260 ## - PUBLICATION, DISTRIBUTION, ETC. (IMPRINT)
Place of publication New York :
Name of publisher Oxford University Press,
Year of publication 1995.
300 ## - PHYSICAL DESCRIPTION
Number of Pages 257 p.
505 0# - FORMATTED CONTENTS NOTE
Formatted contents note 1. Introducing Spacetime Singularities and Acausalities -- 2. Defining, Characterizing, and Proving the Existence of Spacetime Singularities -- 3. Cosmic Censorship -- 4. Supertasks -- 5. The Big Bang and the Horizon Problem -- 6. Time Travel -- 7. Eternal Recurrence, Cyclic Time, and All That -- 8. Afterword.
650 #0 - SUBJECT ADDED ENTRY--TOPICAL TERM
Topical Term Space and time.
Topical Term General relativity (Physics)
Topical Term Singularities (Mathematics)
856 40 - ELECTRONIC LOCATION AND ACCESS
Uniform Resource Identifier http://site.ebrary.com/lib/rucke/Doc?id=10142081

No items available.

© 2026 Rongo University
Contact us: librarian | system librarian | Rongo university